Countries with Tongan Embassies - Statistics

General Stats
  • This quiz has been taken 92 times
  • The average score is 5 of 6
Answer Stats
Continent Country % Correct
Oceania New Zealand
100%
Oceania Australia
99%
Asia China
99%
North America United States of America
96%
Asia Japan
94%
Asia United Arab Emirates
34%
No matching quizzes found
Score Distribution
Percent of People with Each Score
Percentile by Number Answered
Your Score History
You have not taken this quiz